[Event "IECG CP.2004.Q.00016 email"]
[Site "IECG email"]
[Date "2006.01.20"]
[Round "?"]
[White "Belanoff, Stuart B"]
[Black "Santini, Alberto"]
[Result "1/2-1/2"]
[WhiteElo "2078"]
[BlackElo "1500"]
[PlyCount "82"]
[EventDate "2006.01.20"]
[EventType "tourn (corr)"]
[EventRounds "6"]
[EventCountry "ENG"]
[SourceTitle "Corr 2008"]
[Source "ChessBase"]
[SourceDate "2008.06.24"]
[SourceVersion "1"]
[SourceVersionDate "2008.06.24"]
[SourceQuality "1"]

1. e4 e6 2. d3 d5 3. Nd2 Nf6 4. Ngf3 b6 5. g3 dxe4 6. dxe4 Bc5 7. Bg2 Ba6 8. c4 Qd3 9. Qb3 Qxb3 10. Nxb3 Bb4+ 11. Bd2 Bxd2+ 12. Nfxd2 Bb7 13. 0-0 c5 14. f4 Nfd7 15. e5 Bxg2 16. Kxg2 Ke7 17. Rad1 Nc6 18. Rfe1 Rhd8 19. Ne4 f6 20. exf6+ Nxf6 21. Nbd2 Nb4 22. Ng5 Rd6 23. Re2 Nc2 24. Ngf3 Rad8 25. Rb1 Rd3 26. Nf1 Rxf3 27. Rxc2 Rfd3 28. Re2 Kf7 29. h3 R3d4 30. b3 Ne8 31. Rbe1 Nc7 32. Nh2 Rd2 33. Kf2 Rxe2+ 34. Rxe2 Rd1 35. Nf3 Kf6 36. Ne5 Na6 37. Nc6 Rd7 38. a3 Rc7 39. Nd8 Re7 40. Nc6 Rc7 41. Nd8 Re7 1/2-1/2

[Event "IECG CP.2004.Q.00016 email"]
[Site "IECG email"]
[Date "2006.01.20"]
[Round "?"]
[White "Santini, Alberto"]
[Black "Evans, Gordon R"]
[Result "0-1"]
[WhiteElo "1500"]
[BlackElo "2276"]
[PlyCount "52"]
[EventDate "2006.01.20"]
[EventType "tourn (corr)"]
[EventRounds "6"]
[EventCountry "ENG"]
[SourceTitle "Corr 2008"]
[Source "ChessBase"]
[SourceDate "2008.06.24"]
[SourceVersion "1"]
[SourceVersionDate "2008.06.24"]
[SourceQuality "1"]

1. d4 Nf6 2. c4 e5 3. dxe5 Ne4 4. Nf3 Bb4+ 5. Bd2 Nxd2 6. Nbxd2 Nc6 7. a3 Bf8 8. e3 Qe7 9. Bd3 g6 10. Qc2 Bg7 11. Rb1 Nxe5 12. Nxe5 Qxe5 13. 0-0 d6 14. Nf3 Qh5 15. Be2 0-0 16. Rbd1 Re8 17. Nd4 Qg5 18. Nb5 Qe7 19. Bf3 Be5 20. Rd2 Bf5 21. Qb3 Rab8 22. Nxa7 c6 23. Be2 Qc7 24. g4 Bd7 25. f4 Bg7 26. c5 d5 0-1

[Event "IECG CP.2004.P.00042 email"]
[Site "IECG email"]
[Date "2004.10.01"]
[Round "?"]
[White "Luise, Massimo"]
[Black "Santini, Alberto"]
[Result "1/2-1/2"]
[WhiteElo "1953"]
[BlackElo "1390"]
[PlyCount "79"]
[EventDate "2004.10.01"]
[EventType "tourn (corr)"]
[EventRounds "6"]
[SourceTitle "Corr 2011"]
[Source "ChessBase"]
[SourceDate "2010.08.31"]
[SourceVersion "1"]
[SourceVersionDate "2010.08.31"]
[SourceQuality "1"]

1. e4 c5 2. c3 d5 3. exd5 Qxd5 4. d4 Nf6 5. Nf3 e6 6. Na3 Nc6 7. Be3 cxd4 8. Nb5 Qd8 9. Nbxd4 Nd5 10. Bb5 Bd7 11. 0-0 Nxe3 12. fxe3 Bc5 13. Qe2 0-0 14. Bxc6 bxc6 15. Rad1 Qc7 16. Qd3 Rad8 17. Ng5 g6 18. Qe4 e5 19. Qh4 h5 20. Ne4 Bg4 21. Nf6+ Kg7 22. Nxg4 hxg4 23. Qf6+ Kg8 24. Nxc6 Bxe3+ 25. Kh1 Rxd1 26. Rxd1 Re8 27. Nb4 Bb6 28. Nd5 Qd8 29. c4 Re6 30. Qxd8+ Bxd8 31. Kg1 f5 32. Kf1 Kf7 33. Nf4 exf4 34. Rxd8 Ra6 35. a3 Ra4 36. c5 Rc4 37. b4 a5 38. Rd7+ Ke6 39. Rd6+ Ke5 40. Rxg6 1/2-1/2

[Event "IECG CP.2004.P.00042 email"]
[Site "IECG email"]
[Date "2004.10.01"]
[Round "?"]
[White "Santini, Alberto"]
[Black "Nava Baro, Enrique"]
[Result "1-0"]
[WhiteElo "1390"]
[BlackElo "2111"]
[PlyCount "41"]
[EventDate "2004.10.01"]
[EventType "tourn (corr)"]
[EventRounds "6"]
[SourceTitle "Corr 2011"]
[Source "ChessBase"]
[SourceDate "2010.08.31"]
[SourceVersion "1"]
[SourceVersionDate "2010.08.31"]
[SourceQuality "1"]

1. c4 b6 2. e4 e6 3. d4 Bb7 4. Bd3 f5 5. exf5 Bxg2 6. Qh5+ g6 7. fxg6 Bg7 8. gxh7+ Kf8 9. Bg5 Nf6 10. Qh4 Bxh1 11. Ne2 Nc6 12. Nd2 Kf7 13. f3 Nb4 14. Bb1 c5 15. Nf4 d5 16. Bg6+ Ke7 17. Nh5 Qf8 18. a3 Na6 19. cxd5 Rd8 20. Ne4 Rxd5 21. Qf4 1-0

[Event "IECG TE.2001.P.00707 email"]
[Site "IECG email"]
[Date "2001.05.20"]
[Round "?"]
[White "Santini, Alberto"]
[Black "Horvath, Istvan"]
[Result "1-0"]
[WhiteElo "1195"]
[BlackElo "2291"]
[PlyCount "33"]
[EventDate "2001.05.20"]
[EventType "tourn (corr)"]
[EventRounds "12"]
[SourceTitle "Corr 2008"]
[Source "ChessBase"]
[SourceDate "2008.06.24"]
[SourceVersion "1"]
[SourceVersionDate "2008.06.24"]
[SourceQuality "1"]

1. e4 e5 2. f4 exf4 3. Nf3 g5 4. Bc4 g4 5. 0-0 gxf3 6. Qxf3 Qf6 7. e5 Qxe5 8. Bxf7+ Kxf7 9. d4 Qxd4+ 10. Be3 Qf6 11. Bxf4 Ne7 12. Nc3 Nf5 13. Nd5 Qg6 14. Rae1 c6 15. Nc7 d5 16. Nxa8 Na6 17. Be5 1-0

[Event "IECG C3.2001.0.00171"]
[Site "IECG email"]
[Date "2001.01.31"]
[Round "?"]
[White "Santini, Alberto"]
[Black "Schott, Thomas E"]
[Result "1-0"]
[WhiteElo "1195"]
[BlackElo "1235"]
[PlyCount "109"]
[EventDate "2001.01.31"]
[EventType "tourn (corr)"]
[EventRounds "6"]
[SourceTitle "Corr 2008"]
[Source "ChessBase"]
[SourceDate "2008.06.24"]
[SourceVersion "1"]
[SourceVersionDate "2008.06.24"]
[SourceQuality "1"]

1. d4 Nf6 2. c4 e6 3. Nc3 Bb4 4. e3 0-0 5. Bd3 d5 6. Nf3 c5 7. 0-0 Nc6 8. a3 Bxc3 9. bxc3 Qc7 10. cxd5 exd5 11. a4 Bg4 12. Ba3 Ne4 13. c4 Nb4 14. cxd5 Bxf3 15. gxf3 Nc3 16. Qb3 Ncxd5 17. Bc4 Rfd8 18. dxc5 a5 19. Rfd1 Qxc5 20. Rd4 Nf6 21. Bxb4 Qg5+ 22. Kh1 Rxd4 23. Bxf7+ Kh8 24. exd4 axb4 25. Qxb4 b5 26. a5 Qf4 27. Qc3 b4 28. Qd3 Qc7 29. Bb3 Rxa5 30. Rxa5 Qxa5 31. d5 Qc5 32. Kg2 Qc1 33. h4 Qf4 34. d6 Qxh4 35. d7 Qg5+ 36. Kf1 Qc1+ 37. Bd1 Nxd7 38. Qxd7 Qc4+ 39. Kg2 g6 40. Qe8+ Kg7 41. Qe5+ Kh6 42. Qe3+ Kg7 43. Bb3 Qh4 44. Qe5+ Kh6 45. Bg8 b3 46. Bxb3 Qg5+ 47. Qxg5+ Kxg5 48. Kg3 h6 49. f4+ Kf6 50. Bc2 Kf7 51. Kg4 Kf6 52. f5 gxf5+ 53. Bxf5 h5+ 54. Kf4 h4 55. f3 1-0